01774nam a2200217 a 4500008004100000020001500041041000800056092001700064100003800081245005400119250001100173260004000184300001100224500009500235505097500330590003901305655002101344942001301365999001501378952016301393180306e2002 ag ||||| |||| 00| f spa d a9500722984 aspa c808l28sGAR1 aGarcía Márquez, Gabriel93265 aVivir para contarla /cGabriel García Márquez a1a ed. aBuenos Aires:bSudamericana;c2002. a579 p. aGarcía Márquez, G. (2002). Vivir para contarla. (1a ed.). Buenos Aires : Sudamericana. aVivir para contarla es, probablemente, el libro más esperado de la década, compendio y recreación de un tiempo crucial en la vida de Gabriel García Márquez. En este apasionante relato, el premio Nobel colombiano ofrece la memoria de sus años de infancia y juventud, aquellos en los que se fundaría el imaginario que, con el tiempo, daría lugar a algunos de los relatos y novelas fundamentales en la literatura en lengua española del siglo XX. Estamos ante la novela de una vida a través de cuyas páginas García Márquez va descubriendo ecos de personajes e historias que han poblado obras como Cien años de soledad, El amor en tiempos del cólera, El coronel no tiene quien le escriba o Crónica de una muerte anunciada y que convierten Vivir para contarla en una guía de lectura para toda su obra, en acompañante imprescindible para iluminar pasajes inolvidables que, tras la lectura de estas memorias, adquieren una nueva perspectiva.  aDonacion Dr. Julio Arce Marxo 2018 aLiteratura92917 2ddccLIT c2680d2680 00102ddc4070aBFMbBFMcCRd2018-03-06eDonacionl5m12o808 28 GARp4185r2022-09-26s2022-08-26tEj, 1w2018-03-06yLITzDonacion Dr. Julio Arce Mar/2018